Normal view MARC view
  • Reed, Marnie,

Entry Personal Name

Number of records used in: 2

001 - CONTROL NUMBER

  • control field: 6266

003 - CONTROL NUMBER IDENTIFIER

  • control field: URS

005 - DATE AND TIME OF LATEST TRANSACTION

  • control field: 20250716153625.0

008 - FIXED-LENGTH DATA ELEMENTS

  • fixed length control field: 250716|| aca||aabn | a|a d

040 ## - CATALOGING SOURCE

  • Original cataloging agency: URS

100 ## - HEADING--PERSONAL NAME

  • Personal name: Reed, Marnie,
  • Relator term: editor.

University of Rizal System
Email us at univlibservices@urs.edu.ph

Visit our Website www.urs.edu.ph/library